Vista normal Vista MARC

Entrada Topical Term

Número de registros utilizados en: 3

001 - CONTROL NUMBER

  • control field: 13952

003 - CONTROL NUMBER IDENTIFIER

  • control field: OSt

005 - DATE AND TIME OF LATEST TRANSACTION

  • control field: 20210225151012.0

008 - FIXED-LENGTH DATA ELEMENTS

  • fixed length control field: 210225|| aca||aabn | a|a d

040 ## - CATALOGING SOURCE

  • Original cataloging agency: OSt
  • Transcribing agency: OSt

150 ## - HEADING--TOPICAL TERM

  • Topical term or geographic name entry element: Agricultura
  • General subdivision: Aspectos económicos

670 ## - SOURCE DATA FOUND

  • Source citation: Work cat.: (OSt): Dumont, René, autor 13951, Sovjos, Koljos o el problemático comunismo / , 1966